Nanna elgege nane eni (Record no. 120286)
[ view plain ]
| 000 -LEADER | |
|---|---|
| fixed length control field | 00708nam a2200241Ia 4500 |
| 003 - CONTROL NUMBER IDENTIFIER | |
| control field | OSt |
| 005 - DATE AND TIME OF LATEST TRANSACTION | |
| control field | 20250128111809.0 |
| 008 - FIXED-LENGTH DATA ELEMENTS--GENERAL INFORMATION | |
| fixed length control field | 210210b2016 xxu||||| |||| 00| 0 eng d |
| 040 ## - CATALOGING SOURCE | |
| Transcribing agency | AL |
| 041 ## - LANGUAGE CODE | |
| Language code of text/sound track or separate title | Kannada |
| 082 ## - DEWEY DECIMAL CLASSIFICATION NUMBER | |
| Classification number | 158.1K YANN |
| 100 ## - MAIN ENTRY--PERSONAL NAME | |
| Personal name | YANDAMURI VIRENDRANATH |
| Dates associated with a name | ಯಂಡಮೂರಿ ವೀರೇಂದ್ರನಾಥ್ |
| 9 (RLIN) | 195769 |
| 245 ## - TITLE STATEMENT | |
| Title | Nanna elgege nane eni |
| Remainder of title | ನನ್ನ ಏಳಿಗೆಗೆ ನಾನೇ ಏಣಿ |
| 260 ## - PUBLICATION, DISTRIBUTION, ETC. | |
| Place of publication, distribution, etc. | Hubli |
| Name of publisher, distributor, etc. | Sahitya Prakashana |
| Date of publication, distribution, etc. | 2016 |
| 300 ## - PHYSICAL DESCRIPTION | |
| Extent | 200 |
| 650 ## - SUBJECT ADDED ENTRY--TOPICAL TERM | |
| Topical term or geographic name entry element | Nanna |
| 9 (RLIN) | 195770 |
| 650 ## - SUBJECT ADDED ENTRY--TOPICAL TERM | |
| Topical term or geographic name entry element | nane |
| 9 (RLIN) | 195771 |
| 650 ## - SUBJECT ADDED ENTRY--TOPICAL TERM | |
| Topical term or geographic name entry element | eni |
| 9 (RLIN) | 195772 |
| 650 ## - SUBJECT ADDED ENTRY--TOPICAL TERM | |
| Topical term or geographic name entry element | elgege |
| 9 (RLIN) | 195773 |
| 690 ## - LOCAL SUBJECT ADDED ENTRY--TOPICAL TERM (OCLC, RLIN) | |
| Topical term or geographic name as entry element | Applied Psychology |
| 9 (RLIN) | 195774 |
| 906 ## - LOCAL DATA ELEMENT F, LDF (RLIN) | |
| a | 070871 |
| 942 ## - ADDED ENTRY ELEMENTS (KOHA) | |
| Source of classification or shelving scheme | Dewey Decimal Classification |
| Koha item type | Book |
| Withdrawn status | Lost status | Source of classification or shelving scheme | Damaged status | Not for loan | Collection code | Home library | Current library | Date acquired | Source of acquisition | Cost, normal purchase price | Total Checkouts | Full call number | Barcode | Date last seen | Price effective from | Koha item type |
|---|---|---|---|---|---|---|---|---|---|---|---|---|---|---|---|---|
| Dewey Decimal Classification | Kannada | St Aloysius Library | St Aloysius Library | 02/17/2021 | Navakarnataka Publication Pvt Ltd Mangalore | 160.00 | 158.1K YANN | 070871 | 02/17/2021 | 02/17/2021 | Book |